[Event "CRO-chT Cup 22nd"]
[Site "Bol"]
[Date "2013.05.23"]
[Round "2.73"]
[White "Milosavljevic, Jovan"]
[Black "Horvat, David"]
[Result "0-1"]
[WhiteElo "2078"]
[BlackElo "2195"]
[PlyCount "116"]
[EventDate "2013.05.22"]
[EventType "team"]
[EventRounds "6"]
[EventCountry "CRO"]
[SourceTitle "CBM 154 Extra"]
[Source "ChessBase"]
[SourceDate "2013.06.25"]
[SourceVersion "2"]
[SourceVersionDate "2013.06.25"]
[SourceQuality "1"]
[WhiteTeam "Split Mornar"]
[BlackTeam "Strigova Stridon"]
[WhiteTeamCountry "CRO"]
[BlackTeamCountry "CRO"]

1. d4 Nf6 2. c4 c5 3. d5 e6 4. Nc3 exd5 5. cxd5 d6 6. e4 g6 7. Nf3 Bg7 8. Bd3 a6 9. a4 Bg4 10. h3 Bxf3 11. Qxf3 Nbd7 12. Be2 Nh5 13. g4 Nhf6 14. g5 Nh5 15. Qg2 Qa5 16. Ra3 0-0-0 17. 0-0 h6 18. Bg4 hxg5 19. Bxg5 f6 20. Bd2 Kb8 21. f4 f5 22. exf5 gxf5 23. Bxh5 Bd4+ 24. Kh2 Rxh5 25. Nb5 Qb6 26. Nxd4 cxd4 27. b4 Rdh8 28. Qg6 R5h6 29. Qxf5 Nf6 30. Rg3 Qd8 31. Rff3 Qe8 32. Rg2 Qxa4 33. Qd3 Qd1 34. Rg1 Qa4 35. f5 Rh4 36. Bg5 Ng4+ 37. Kg2 Ne5 38. Qb3 Qxb3 39. Rxb3 Re4 40. h4 Re2+ 41. Kg3 Kc7 42. b5 axb5 43. Rxb5 Ra8 44. Rb3 d3 45. Rc1+ Kb8 46. f6 Raa2 47. Rcb1 Rg2+ 48. Kf4 Raf2+ 49. Ke3 Rf3+ 50. Kd4 Rg4+ 51. Kc3 d2+ 52. Kc2 d1Q+ 53. Rxd1 Rc4+ 54. Kb2 Rf2+ 55. Rd2 Rf1 56. Rc2 Rd4 57. Rcc3 Rf2+ 58. Rc2 Nc4+ 0-1

[Event "Split Zupanije-ch"]
[Site "Split"]
[Date "2013.03.21"]
[Round "6"]
[White "Klaric, Miro"]
[Black "Milosavljevic, Jovan"]
[Result "0-1"]
[WhiteElo "1891"]
[BlackElo "2052"]
[PlyCount "74"]
[EventDate "2013.03.16"]
[EventType "swiss"]
[EventRounds "9"]
[EventCountry "CRO"]
[SourceTitle "CBM 153 Extra"]
[Source "ChessBase"]
[SourceDate "2013.04.22"]
[SourceVersion "1"]
[SourceVersionDate "2013.04.22"]
[SourceQuality "1"]

1. e4 c5 2. Nf3 e6 3. d4 cxd4 4. Nxd4 a6 5. Bc4 b5 6. Bb3 Bb7 7. Qd3 Qc7 8. Be3 Nf6 9. Nd2 Nc6 10. f3 Rc8 11. a3 Ne5 12. Qe2 Nc4 13. a4 Nxe3 14. Qxe3 Bc5 15. Qd3 Qd6 16. Ne2 Qb6 17. axb5 axb5 18. Nc3 Bc6 19. e5 Nh5 20. 0-0-0 Nf4 21. Qf1 0-0 22. Nde4 Be3+ 23. Kb1 b4 24. g3 Ng6 25. Nd6 bxc3 26. Nxc8 Rxc8 27. bxc3 Ra8 28. Kb2 Nxe5 29. Ra1 Rxa1 30. Qxa1 Nc4+ 31. Kb1 g6 32. Rd1 d5 33. Qa2 Nd2+ 34. Ka1 Kg7 35. Qa3 d4 36. f4 dxc3 37. Ka2 Bc5 0-1

[Event "Split Zupanije-ch"]
[Site "Split"]
[Date "2013.03.20"]
[Round "5"]
[White "Milosavljevic, Jovan"]
[Black "Armanda, Ivica"]
[Result "0-1"]
[WhiteElo "2052"]
[BlackElo "2380"]
[PlyCount "56"]
[EventDate "2013.03.16"]
[EventType "swiss"]
[EventRounds "9"]
[EventCountry "CRO"]
[SourceTitle "CBM 153 Extra"]
[Source "ChessBase"]
[SourceDate "2013.04.22"]
[SourceVersion "1"]
[SourceVersionDate "2013.04.22"]
[SourceQuality "1"]

1. d4 Nf6 2. Nf3 g6 3. c4 Bg7 4. Nc3 0-0 5. g3 d6 6. Bg2 Nc6 7. 0-0 Bf5 8. d5 Na5 9. Nd4 Bd7 10. Qd3 c5 11. Nc2 a6 12. Rb1 b5 13. b3 Rb8 14. Bg5 Ng4 15. cxb5 axb5 16. Qd2 h6 17. Bf4 g5 18. Be3 b4 19. Nd1 Bf5 20. h3 Nf6 21. g4 Bg6 22. f4 gxf4 23. Rxf4 c4 24. Rxc4 Nxc4 25. bxc4 Qa5 26. a3 Qa4 27. Rc1 bxa3 28. Nd4 a2 0-1

[Event "Split op 2nd"]
[Site "Split"]
[Date "2012.08.16"]
[Round "6"]
[White "Milosavljevic, Jovan"]
[Black "Porobija, Antonio"]
[Result "1-0"]
[WhiteElo "2081"]
[BlackElo "2012"]
[PlyCount "59"]
[EventDate "2012.08.11"]
[EventType "swiss"]
[EventRounds "9"]
[EventCountry "CRO"]
[SourceTitle "CBM 149 Extra"]
[Source "ChessBase"]
[SourceDate "2012.08.24"]
[SourceVersion "1"]
[SourceVersionDate "2012.08.24"]
[SourceQuality "1"]

1. d4 Nf6 2. c4 g6 3. Nc3 d5 4. cxd5 Nxd5 5. e4 Nxc3 6. bxc3 Bg7 7. Be3 0-0 8. Bc4 c5 9. Qd2 Nc6 10. Ne2 Qa5 11. Rb1 a6 12. 0-0 Rd8 13. Rfd1 e6 14. Qb2 b5 15. Bb3 Bb7 16. d5 exd5 17. Bxd5 Qb6 18. a4 b4 19. Qa2 Rd7 20. cxb4 Nxb4 21. Qc4 Bf8 22. Nc3 Rad8 23. h4 Qc7 24. Rd2 Bxd5 25. exd5 Qe5 26. Bf4 Qf5 27. Rbd1 Nc2 28. Bg5 Rb8 29. g4 Na3 30. Qe2 1-0

[Event "Zlatni Rat op 2nd"]
[Site "Bol"]
[Date "2011.09.17"]
[Round "9"]
[White "Milosavljevic, Jovan"]
[Black "Dulic, Grgur"]
[Result "0-1"]
[WhiteElo "2136"]
[BlackElo "2269"]
[PlyCount "82"]
[EventDate "2011.09.10"]
[EventType "swiss"]
[EventRounds "9"]
[EventCountry "CRO"]
[SourceTitle "CBM 144 Extra"]
[Source "ChessBase"]
[SourceDate "2011.10.28"]
[SourceVersion "1"]
[SourceVersionDate "2011.10.28"]
[SourceQuality "1"]

1. d4 Nf6 2. Nf3 g6 3. g3 Bg7 4. Bg2 d5 5. 0-0 0-0 6. h3 Bf5 7. g4 Be4 8. Nbd2 Nc6 9. c3 Qd6 10. Nxe4 Nxe4 11. Ng5 f5 12. Nxe4 fxe4 13. f4 exf3 14. exf3 Rf7 15. Be3 e5 16. Qd2 exd4 17. cxd4 Re8 18. Bf2 Qf4 19. Rad1 g5 20. Rfe1 Rxe1+ 21. Qxe1 Bxd4 22. Qe8+ Kg7 23. Qe6 Bxf2+ 24. Kxf2 d4 25. Qd5 Re7 26. a3 Qe3+ 27. Kg3 Qf4+ 28. Kf2 Re5 29. Qd7+ Kh6 30. b4 Qe3+ 31. Kg3 Qf4+ 32. Kf2 a6 33. Qc8 Qe3+ 34. Kg3 Qf4+ 35. Kf2 Re7 36. Qxb7 Qe3+ 37. Kg3 Qe5+ 38. Kf2 Qe2+ 39. Kg3 Qxd1 40. Qxc6+ Kg7 41. Kh2 Qe2 0-1

[Event "Cvitanovic Memorial 15th"]
[Site "Split"]
[Date "2010.05.15"]
[Round "9"]
[White "Drazic, Sinisa"]
[Black "Milosavljevic, Jovan"]
[Result "1-0"]
[WhiteElo "2538"]
[BlackElo "2093"]
[PlyCount "65"]
[EventDate "2010.05.09"]
[EventType "tourn"]
[EventRounds "9"]
[EventCountry "CRO"]
[EventCategory "6"]
[SourceTitle "CBM 136 Extra"]
[Source "ChessBase"]
[SourceDate "2010.07.02"]
[SourceVersion "2"]
[SourceVersionDate "2010.07.15"]
[SourceQuality "1"]

1. d4 e6 2. c4 d5 3. Nc3 Nf6 4. Nf3 c6 5. Qb3 Nbd7 6. g3 Be7 7. Bg2 0-0 8. 0-0 Re8 9. Rd1 a6 10. a4 Nb6 11. Nd2 a5 12. e4 dxc4 13. Nxc4 Nxc4 14. Qxc4 Qb6 15. h3 h6 16. Be3 Qa6 17. Qb3 Bb4 18. Na2 Bf8 19. Rac1 Bd7 20. Nc3 Rac8 21. g4 b5 22. Rd2 bxa4 23. Nxa4 Rb8 24. Qd1 Rec8 25. h4 Qb5 26. g5 hxg5 27. hxg5 Nh7 28. Nc5 Bxc5 29. dxc5 Be8 30. Bf1 Qb3 31. Rcc2 Rb4 32. Rd3 Qa4 33. Ra3 1-0

[Event "Cvitanovic Memorial 15th"]
[Site "Split"]
[Date "2010.05.13"]
[Round "6"]
[White "Milosavljevic, Jovan"]
[Black "Dumpor, Atif"]
[Result "0-1"]
[WhiteElo "2093"]
[BlackElo "2404"]
[PlyCount "108"]
[EventDate "2010.05.09"]
[EventType "tourn"]
[EventRounds "9"]
[EventCountry "CRO"]
[EventCategory "6"]
[SourceTitle "CBM 136 Extra"]
[Source "ChessBase"]
[SourceDate "2010.07.02"]
[SourceVersion "2"]
[SourceVersionDate "2010.07.15"]
[SourceQuality "1"]

1. d4 Nf6 2. c4 d6 3. Nc3 Nbd7 4. Nf3 e5 5. e4 c6 6. Be2 Be7 7. 0-0 0-0 8. Re1 Re8 9. Bf1 a6 10. a4 a5 11. h3 Bf8 12. Bg5 h6 13. Bxf6 Qxf6 14. d5 Nc5 15. Re3 Qd8 16. g4 Be7 17. Ra3 g6 18. Ne1 Bg5 19. Rg3 Kg7 20. Nd3 Qb6 21. Nxc5 Qxc5 22. Rb3 Bh4 23. Rg2 Ra6 24. dxc6 bxc6 25. Bd3 Be6 26. Ne2 Rb6 27. Rxb6 Qxb6 28. b3 d5 29. Ng3 dxc4 30. Bxc4 Bxc4 31. bxc4 Rd8 32. Qf3 Qb1+ 33. Kh2 Rd3 34. Qe2 Rd1 35. Qf3 Bg5 36. h4 Bf4 37. Kh3 Rd3 38. Qe2 Rc3 39. g5 hxg5 40. hxg5 Bxg5 41. Qg4 Bf4 42. f3 Bxg3 43. Kxg3 Rxc4 44. Qg5 Qe1+ 45. Kh2 Qc3 46. Qf5 Qd4 47. Qg5 Rxa4 48. Rd2 Qa1 49. f4 Ra2 50. f5 Rxd2+ 51. Qxd2 Qd4 52. Qg2 Qe3 53. Kh1 a4 54. fxg6 Qh6+ 0-1

[Event "Cvitanovic Memorial 15th"]
[Site "Split"]
[Date "2010.05.12"]
[Round "5"]
[White "Sax, Gyula"]
[Black "Milosavljevic, Jovan"]
[Result "1-0"]
[WhiteElo "2524"]
[BlackElo "2093"]
[PlyCount "61"]
[EventDate "2010.05.09"]
[EventType "tourn"]
[EventRounds "9"]
[EventCountry "CRO"]
[EventCategory "6"]
[SourceTitle "CBM 136 Extra"]
[Source "ChessBase"]
[SourceDate "2010.07.02"]
[SourceVersion "2"]
[SourceVersionDate "2010.07.15"]
[SourceQuality "1"]

1. e4 e5 2. Nf3 Nc6 3. Bb5 a6 4. Ba4 Nf6 5. d3 b5 6. Bb3 Bc5 7. c3 d6 8. Nbd2 Bb7 9. Nf1 h6 10. Ng3 g6 11. 0-0 Qe7 12. a4 Rb8 13. d4 Bb6 14. Qd3 Na5 15. Bc2 c5 16. axb5 c4 17. Qe2 axb5 18. Be3 Bc7 19. Nd2 Bc8 20. h3 g5 21. Ra2 Nc6 22. d5 Nd8 23. b3 cxb3 24. Nxb3 g4 25. h4 Nh7 26. h5 Qh4 27. Ra7 Rb7 28. Rxb7 Nxb7 29. Qxb5+ Kd8 30. Ra1 Qe7 31. Ra8 1-0

[Event "Split op"]
[Site "Split"]
[Date "2009.05.04"]
[Round "5"]
[White "Milosavljevic, Jovan"]
[Black "Curic, Drazen"]
[Result "0-1"]
[WhiteElo "2091"]
[BlackElo "2198"]
[PlyCount "78"]
[EventDate "2009.04.28"]
[EventType "swiss"]
[EventRounds "7"]
[EventCountry "CRO"]
[SourceTitle "CBM 130 Extra"]
[Source "ChessBase"]
[SourceDate "2009.07.02"]
[SourceVersion "2"]
[SourceVersionDate "2009.07.15"]
[SourceQuality "1"]

1. e4 c5 2. c3 d6 3. d4 Nd7 4. Be3 Ngf6 5. f3 g6 6. Bb5 a6 7. Bxd7+ Nxd7 8. Ne2 Bg7 9. h4 h5 10. Qd2 b5 11. a4 Bb7 12. a5 e5 13. d5 c4 14. Nc1 0-0 15. b4 cxb3 16. Nxb3 f5 17. Bg5 Qc7 18. Qd3 fxe4 19. fxe4 Nf6 20. Bxf6 Rxf6 21. N1d2 Raf8 22. Nf3 Bh6 23. Ra2 Bc8 24. Rc2 Bg4 25. Rf1 Qd8 26. c4 bxc4 27. Rxc4 Bd7 28. Rb4 Bb5 29. Rxb5 axb5 30. Rf2 Qb8 31. Ra2 Qa7 32. Ke2 R8f7 33. Rc2 Qd7 34. a6 Qg4 35. Kf2 Qxh4+ 36. Kg1 Qg3 37. Rf2 h4 38. Nbd2 Bxd2 39. Qxd2 Rxf3 0-1

[Event "Split op 3rd"]
[Site "Split"]
[Date "2009.03.08"]
[Round "9"]
[White "Milosavljevic, Jovan"]
[Black "Erceg, Slobodan"]
[Result "1-0"]
[WhiteElo "2082"]
[BlackElo "1977"]
[PlyCount "65"]
[EventDate "2009.02.28"]
[EventType "swiss"]
[EventRounds "9"]
[EventCountry "CRO"]
[SourceTitle "CBM 129 Extra"]
[Source "ChessBase"]
[SourceDate "2009.05.05"]
[SourceVersion "2"]
[SourceVersionDate "2009.05.20"]
[SourceQuality "1"]

1. e4 Nf6 2. e5 Nd5 3. c4 Nb6 4. d4 d6 5. exd6 exd6 6. Nc3 Nc6 7. Be3 Bf5 8. g4 Bg6 9. h4 h6 10. Bd3 Bxd3 11. Qxd3 Be7 12. Nf3 Nb4 13. Qe2 Qd7 14. Rg1 0-0-0 15. 0-0-0 d5 16. Ne5 Qe6 17. a3 Nc6 18. c5 Nd7 19. Nxc6 Qxc6 20. g5 Rhe8 21. b4 Nb8 22. Qf3 hxg5 23. hxg5 f6 24. g6 Qa6 25. b5 Qxa3+ 26. Kc2 a6 27. Ra1 Qb4 28. Ra4 Qxa4+ 29. Nxa4 axb5 30. Nc3 b4 31. Qf5+ Rd7 32. Nxd5 Kd8 33. Ra1 1-0

[Event "Split op 3rd"]
[Site "Split"]
[Date "2009.03.03"]
[Round "4"]
[White "Knezovic, Ivo"]
[Black "Milosavljevic, Jovan"]
[Result "0-1"]
[WhiteElo "1903"]
[BlackElo "2082"]
[PlyCount "80"]
[EventDate "2009.02.28"]
[EventType "swiss"]
[EventRounds "9"]
[EventCountry "CRO"]
[SourceTitle "CBM 129 Extra"]
[Source "ChessBase"]
[SourceDate "2009.05.05"]
[SourceVersion "2"]
[SourceVersionDate "2009.05.20"]
[SourceQuality "1"]

1. d4 Nf6 2. Bf4 b6 3. e3 Bb7 4. Nf3 h6 5. h3 e6 6. Bd3 c5 7. c3 Nc6 8. 0-0 Be7 9. Nbd2 d5 10. Re1 Bd6 11. Bb5 a6 12. Bxc6+ Bxc6 13. Bxd6 Qxd6 14. Ne5 0-0 15. f4 Bb7 16. Kh1 Nd7 17. Nxd7 Qxd7 18. Nf3 f6 19. Qc2 Rac8 20. Qg6 Bc6 21. h4 Qd6 22. g3 f5 23. Ng5 hxg5 24. Qxg5 Be8 25. Rg1 Qd8 26. g4 Qxg5 27. hxg5 fxg4 28. Rxg4 Bh5 29. Rh4 g6 30. Kg2 cxd4 31. exd4 Kf7 32. Re1 Rh8 33. Kg3 Rc6 34. Rh2 b5 35. a3 a5 36. Ra1 Rb8 37. Rf2 Rc7 38. Rc2 Ke7 39. Rh2 b4 40. axb4 axb4 0-1

[Event "Split op 3rd"]
[Site "Split"]
[Date "2009.03.02"]
[Round "3"]
[White "Milosavljevic, Jovan"]
[Black "Biliskov, Vjekoslav"]
[Result "0-1"]
[WhiteElo "2082"]
[BlackElo "2297"]
[PlyCount "56"]
[EventDate "2009.02.28"]
[EventType "swiss"]
[EventRounds "9"]
[EventCountry "CRO"]
[SourceTitle "CBM 129 Extra"]
[Source "ChessBase"]
[SourceDate "2009.05.05"]
[SourceVersion "2"]
[SourceVersionDate "2009.05.20"]
[SourceQuality "1"]

1. d4 Nf6 2. c4 c5 3. Nf3 cxd4 4. Nxd4 e6 5. g3 d5 6. Bg2 e5 7. Nf3 d4 8. 0-0 Nc6 9. Bg5 Be7 10. Nfd2 0-0 11. a4 Be6 12. Na3 Rc8 13. Nb5 a6 14. Na3 h6 15. Bxf6 Bxf6 16. Qb1 Be7 17. Rd1 f5 18. Nf1 Qa5 19. b3 Bb4 20. Nc2 Bc3 21. Ra2 Rcd8 22. Bxc6 bxc6 23. b4 Qc7 24. Qb3 Qf7 25. Na3 Rb8 26. b5 axb5 27. axb5 cxb5 28. Nd2 bxc4 0-1

[Event "Stobrec op"]
[Site "Stobrec"]
[Date "2008.07.29"]
[Round "3"]
[White "Milosavljevic, Jovan"]
[Black "Krnic, Ivan"]
[Result "0-1"]
[WhiteElo "2082"]
[BlackElo "2192"]
[PlyCount "66"]
[EventDate "2008.07.26"]
[EventType "swiss"]
[EventRounds "7"]
[EventCountry "CRO"]
[SourceTitle "EXT 2009"]
[Source "ChessBase"]
[SourceDate "2008.11.26"]
[SourceVersion "1"]
[SourceVersionDate "2008.11.26"]
[SourceQuality "1"]

1. e4 e5 2. Nf3 Nc6 3. Bc4 Nf6 4. Nc3 Nxe4 5. Nd5 Nd6 6. Qe2 Nxc4 7. Qxc4 Bd6 8. 0-0 0-0 9. d3 Be7 10. b4 b5 11. Qc3 f6 12. a4 Bd6 13. axb5 Ne7 14. Qb3 Kh8 15. Be3 Bb7 16. Nxe7 Qxe7 17. Ra4 a6 18. c4 Qe6 19. bxa6 Rxa6 20. Rxa6 Bxa6 21. Ra1 Bb7 22. Nd2 f5 23. Ra7 Bc6 24. b5 Bxg2 25. Kxg2 f4 26. Ne4 Qg4+ 27. Kf1 fxe3 28. Ra2 Qf3 29. Ke1 Qh1+ 30. Ke2 exf2 31. Nxf2 Qg2 32. Ke1 Qg1+ 33. Kd2 Qxf2+ 0-1

[Event "Stobrec op"]
[Site "Stobrec"]
[Date "2008.07.26"]
[Round "1"]
[White "Milosavljevic, Jovan"]
[Black "Zelenika, Ivan"]
[Result "1-0"]
[WhiteElo "2082"]
[BlackElo "1670"]
[PlyCount "101"]
[EventDate "2008.07.26"]
[EventType "swiss"]
[EventRounds "7"]
[EventCountry "CRO"]
[SourceTitle "EXT 2009"]
[Source "ChessBase"]
[SourceDate "2008.11.26"]
[SourceVersion "1"]
[SourceVersionDate "2008.11.26"]
[SourceQuality "1"]

1. d4 d5 2. c4 dxc4 3. Nc3 c6 4. e3 b5 5. Nxb5 cxb5 6. Qf3 Nc6 7. Qxc6+ Bd7 8. Qa6 e6 9. Bd2 Qb6 10. Qxb6 axb6 11. Be2 Ra7 12. Bf3 b4 13. Ne2 Nf6 14. 0-0 Be7 15. Rfc1 b5 16. b3 c3 17. Be1 0-0 18. Rc2 Ra3 19. Rd1 Nd5 20. g3 h6 21. Kg2 f5 22. Bxd5 exd5 23. f3 Rfa8 24. Nc1 Bd6 25. Bf2 g5 26. Re1 Be6 27. Ree2 Kf7 28. Nd3 h5 29. Kf1 Kf6 30. Ke1 Rh8 31. Kd1 h4 32. f4 hxg3 33. Bxg3 gxf4 34. Bxf4 Bxf4 35. exf4 Rh5 36. Rf2 Rg5 37. Nxb4 Rg1+ 38. Ke2 Bf7 39. Kd3 Rd1+ 40. Kxc3 Ra8 41. Rcd2 Rc8+ 42. Kb2 Rxd2+ 43. Rxd2 Rh8 44. Nd3 Rh3 45. Ka3 Rf3 46. Kb4 Be8 47. Kc5 Ke6 48. Re2+ Kd7 49. Ne5+ Kc7 50. Nxf3 Bh5 51. Re3 1-0